| 000 | 00392 a2200145 4500 | ||
|---|---|---|---|
| 005 | 20250627091623.0 | ||
| 020 | _a0-471-32011-0 | ||
| 082 | _a658.5 REI | ||
| 100 | _aREID, R. D. | ||
| 245 | _aOperations Management. | ||
| 260 |
_aNew York, _bJohn Wiley & Sons, _c2002. |
||
| 300 |
_axxv, 614p.: ill.; figiure, table _bBibliography & Index _c28cm |
||
| 700 | _aSANDERS, N. R. | ||
| 942 |
_2ddc _cBKS |
||
| 999 |
_c5570 _d5570 |
||